| Tag |
First Indicator |
Second Indicator |
Subfields |
| LEADER |
00000cam a2200000M 4500 |
| 001 |
in00004345813 |
| 008 |
200313s2020 xx 000 0 eng d |
| 005 |
20250318222421.8 |
| 020 |
|
|
|a 9780367856694
|
| 020 |
|
|
|a 0367856697
|
| 020 |
|
|
|z 9781000098174 (ePub ebook)
|
| 020 |
|
|
|z 9781000098136 (PDF ebook)
|
| 020 |
|
|
|z 9781000098150 (Mobipocket ebook)
|
| 020 |
|
|
|z 9781003017448 (ebook)
|
| 035 |
|
|
|a (OCoLC)on1144099067
|
| 035 |
|
|
|a (OCoLC)1144099067
|
| 040 |
|
|
|a YDX
|b eng
|c YDX
|d OCLCQ
|d UKMGB
|d OCLCO
|d OCLCF
|d UtOrBLW
|
| 043 |
|
|
|a cl-----
|
| 082 |
0 |
4 |
|a 418.02098
|2 23
|
| 100 |
1 |
|
|a Guzmán, María Constanza.
|0 http://id.loc.gov/authorities/names/n2010019781
|
| 245 |
1 |
0 |
|a Mapping spaces of translation in twentieth-century latin american print culture.
|
| 264 |
|
1 |
|a [Place of publication not identified] :
|b ROUTLEDGE,
|c 2020.
|
| 300 |
|
|
|a 1 volume ;
|c 23 cm.
|
| 336 |
|
|
|a text
|b txt
|2 rdacontent
|
| 337 |
|
|
|a unmediated
|b n
|2 rdamedia
|
| 338 |
|
|
|a volume
|2 rdacarrier
|b nc
|
| 490 |
1 |
|
|a Routledge advances in translation and interpreting studies
|
| 650 |
|
0 |
|a Translating and interpreting
|z Latin America
|x History
|y 20th century.
|
| 650 |
|
7 |
|a Translating and interpreting.
|2 fast
|0 (OCoLC)fst01154795
|
| 651 |
|
7 |
|a Latin America.
|2 fast
|0 (OCoLC)fst01245945
|
| 648 |
|
7 |
|a 1900-1999
|2 fast
|
| 655 |
|
7 |
|a History.
|2 fast
|0 (OCoLC)fst01411628
|
| 776 |
0 |
8 |
|i ebook version :
|z 9781000098174
|
| 830 |
|
0 |
|a Routledge advances in translation studies.
|0 http://id.loc.gov/authorities/names/no2012033486
|
| 852 |
8 |
|
|b pda,print
|z This title is available for the library to purchase for your use. Click the "Purchase It For Me" button to place a request. This item may take 5-10 business days to arrive.
|
| 955 |
|
|
|a Print PDA title
|
| 961 |
|
|
|m 565730
|
| 999 |
f |
f |
|s fe1f158a-6e26-4526-817f-e883123c1e5e
|i 23a71724-a7f5-325b-ad7f-64e123e7adac
|t 0
|
| 952 |
f |
f |
|a Texas A&M University
|b College Station
|c Sterling C. Evans Library
|d Purchase on Demand
|t 0
|h Library of Congress classification
|
| 998 |
f |
f |
|t 0
|l Purchase on Demand
|